Ο στρατιωτάκος Τσάγκ Κά-Τσέ

Αποθηκεύτηκε σε:
Λεπτομέρειες βιβλιογραφικής εγγραφής
Κύριος συγγραφέας: Xu, Guangyao, 1925-
Άλλοι συγγραφείς: Σπέγγος, Σπύρος Κ. (Μεταφραστής)
Μορφή: Βιβλίο
Γλώσσα:Greek
Japanese
Δημοσίευση: [Χ.τ.] : Εκδόσεις Αλκυών, [19--].
Σειρά:Λογοτεχνικοί θησαυροί.
Θέματα:
Ετικέτες: Προσθήκη ετικέτας
Δεν υπάρχουν, Καταχωρήστε ετικέτα πρώτοι!

MARC

LEADER 00000cam a2200000 a 4500
001 1/115420
008 171026n1970####gr | ||| |||| ||gre||
040 |a GR-MyUa  |b gre  |c GR-MyUa  |e AACR2 
041 1 |a gre  |h jpn  |k eng 
082 7 |a 895.63  |2 (23) 
100 1 |a Xu, Guangyao,   |d 1925- 
245 1 2 |a Ο στρατιωτάκος Τσάγκ Κά-Τσέ /   |c Hsu Kuang - Yao ; μετάφραση Σ. Κ. Σπέγγου.  
260 |a [Χ.τ.] :   |b Εκδόσεις Αλκυών,   |c [19--].  
300 |a 161-285 σ. ;   |c 24 εκ.  
490 1 |a (Λογοτεχνικοί θησαυροί)  
501 |a Δεμένο με : Πρός καλύτερες μέρες / Jean Giono ; μετάφραση Άρη Δικταίου. Έκδόσεις Αλκυών -- Δεμένα μαζί μετά την εκδοσή τους.  
650 0 |a Japanese, Fiction  |y 20th century. 
700 1 |a Σπέγγος, Σπύρος Κ.  |e trl 
740 0 |a Πρός καλύτερες μέρες  
830 0 |p Λογοτεχνικοί θησαυροί. 
852 |a INST  |b SAMOS  |e 20171026  |h 843 GIO  |p 005300044976  |q 005300044976  |t BK  |y 0 
970 |a Φιλιππή  |b Φάλη  |z 26-10-2017